[Event "Wch Seniors 17th"]
[Site "Gmunden"]
[Date "2007.09.20"]
[Round "4"]
[White "Berman, Mark"]
[Black "Ljubarskij, Jurij"]
[Result "1/2-1/2"]
[WhiteElo "2130"]
[BlackElo "2298"]
[PlyCount "39"]
[EventDate "2007.09.17"]
[EventType "swiss"]
[EventRounds "11"]
[EventCountry "AUT"]
[SourceTitle "CBM 120 Extra"]
[Source "ChessBase"]
[SourceDate "2007.11.01"]
[SourceVersion "1"]
[SourceVersionDate "2007.11.01"]
[SourceQuality "1"]

1. e4 e5 2. Nf3 Nc6 3. Bc4 Be7 4. d4 exd4 5. c3 Nf6 6. e5 Ne4 7. Bd5 Nc5 8. cxd4 Ne6 9. Nc3 Nb4 10. Bb3 d6 11. a3 Na6 12. Ba4+ Kf8 13. exd6 Bxd6 14. 0-0 c6 15. Bc2 Nac7 16. Re1 h6 17. g3 Ng5 18. Ne5 Bxe5 19. dxe5 Qxd1 20. Bxd1 1/2-1/2